000 00661nam a2200205 a 4500
001 000042688
005 20201002040328.0
008 140205s1998 sp abc 001 0 spa d
020 _a8423997405
040 _aDO-SdBNP
_bspa
_cBNPHU
100 1 _aVidal Manzanares, César,
_d1958-
_946846
245 1 4 _aLas Brigadas Internacionales /
_cCésar Vidal.
260 _aMadrid :
_bEspasa,
_c1998.
300 _a637 p. :
_bil., mapa, retrs. ;
_c25 cm.
490 1 _aEspasa fórum
500 _aIncluye índice
504 _aBibliografía : p. 559-619
500 _aIncluye referencias bibliográficas y notas al pie de las páginas
830 0 _aEspasa fórum
_969992
999 _c42177
_d42177